| 000 | 00805nam a22002177a 4500 | ||
|---|---|---|---|
| 003 | LK-CoMWRAF | ||
| 005 | 20231226235755.0 | ||
| 008 | 231226b2007 |||||||| |||| 00| 0 eng d | ||
| 040 |
_aLK-CoMWRAF _dLK-CoMWRAF _eLK-CoMWRAF |
||
| 041 | _aeng | ||
| 082 |
_a320.15 _bEVA |
||
| 100 | _a Evans, Gareth | ||
| 245 |
_aThe limits of state sovereignty : _bthe responsibility to protect in the 21st century |
||
| 260 |
_aColombo: _bInternational Centre for Ethnic Studies, _c2007 |
||
| 300 | _a22 p. ; 22 cm | ||
| 505 | _aEighth memorial lecture by Gareth Evans on the death anniversary of Dr. Neelan Tiruchelvam, July 29, 2007 at the BMICH, Colombo | ||
| 650 | _aPeace-building Sri Lanka | ||
| 650 | _aEthnic relations-Sri Lanka | ||
| 856 | _uhttps://www.gevans.org/speeches/speech232.html | ||
| 942 | _cBK | ||
| 999 |
_c4575 _d4575 |
||